[Event "21st Mikhail Chigorin Memorial"]
[Site "Sochi URS"]
[Date "1987.??.??"]
[Round "?"]
[White "Lputian, Smbat"]
[Black "Kharitonov, Andrei"]
[WhiteElo "2540"]
[BlackElo "2450"]
[Result "0-1"]
[EventDate "1987.10.01"]
[PlyCount "75"]

1. d4 Nf6 2. c4 e6 3. Nf3 d5 4. Nc3 Be7 5. Bg5 O-O 6. e3 Nbd7 7. Rc1 h6 8. Bxf6 Nxf6 9. c5 c6 10. Bd3 Nd7 11. b4 Qc7 12. e4 dxe4 13. Bxe4 a5 14. a3 axb4 15. axb4 Nf6 16. O-O Ra3 17. Bb1 Bd7 18. Ne5 Re8 19. Na4 Ra8 20. Nb6 R8a7 21. f4 Be8 22. Nec4 R3a6 23. Qe1 g6 24. h3 Qd8 25. Kh1 Nd5 26. Nxd5 cxd5 27. Ne5 Bb5 28. Rf3 Bf6 29. Bd3 Bxd3 30. Rxd3 Qe8 31. Ng4 Bg7 32. Qh4 Ra1 33. Rdd1 Rxc1 34. Rxc1 Ra4 35. Rb1 Qb5 36. Qd8+ Kh7 37. Qe7 Qd3 38. Rf1 0-1

[Event "21st Mikhail Chigorin Memorial"]
[Site "Sochi URS"]
[Date "1987.??.??"]
[Round "?"]
[White "Lputian, Smbat"]
[Black "Lalic, Bogdan"]
[WhiteElo "2540"]
[BlackElo "2485"]
[Result "1-0"]
[EventDate "1987.10.01"]
[PlyCount "61"]

1. d4 Nf6 2. c4 g6 3. Nc3 d5 4. Bf4 Bg7 5. e3 c6 6. h3 O-O 7. Nf3 Bf5 8. Qb3 Qb6 9. g4 Be4 10. Nxe4 Nxe4 11. Qxb6 axb6 12. a3 e6 13. cxd5 exd5 14. Ne5 Re8 15. Rd1 b5 16. Be2 Bf8 17. g5 b4 18. f3 f6 19. Ng4 f5 20. fxe4 fxg4 21. exd5 cxd5 22. axb4 Bxb4+ 23. Kf2 Nc6 24. Bxg4 Ra2 25. Rb1 Kf7 26. h4 Bf8 27. Kg3 Rea8 28. h5 R8a6 29. Rbf1 Ne7 30. hxg6+ hxg6 31. Be5+ 1-0

[Event "21st Mikhail Chigorin Memorial"]
[Site "Sochi URS"]
[Date "1987.??.??"]
[Round "?"]
[White "Lputian, Smbat"]
[Black "Ortega, Lexy"]
[WhiteElo "2540"]
[BlackElo "2440"]
[Result "1/2-1/2"]
[EventDate "1987.10.01"]
[PlyCount "72"]

1. d4 d5 2. c4 c6 3. Nf3 Nf6 4. Nc3 e6 5. Bg5 dxc4 6. e4 b5 7. Be2 Nbd7 8. d5 cxd5 9. exd5 e5 10. O-O Rb8 11. a4 a6 12. axb5 axb5 13. b3 Bb4 14. Ne4 Qc7 15. Nxf6+ Nxf6 16. bxc4 bxc4 17. Rc1 c3 18. Bd3 Nxd5 19. Re1 O-O 20. Rxe5 Be6 21. Bc2 Ne7 22. Qd3 Ng6 23. h4 Qc4 24. Qxc4 Bxc4 25. Ree1 Ba3 26. Rcd1 Rfe8 27. h5 Rxe1+ 28. Rxe1 Nf8 29. Re3 Bb2 30. Bf4 Ra8 31. Be5 Ra1+ 32. Kh2 Ra3 33. Bd6 Ra8 34. Bb4 h6 35. Bxc3 Bxc3 36. Rxc3 Be6 1/2-1/2

[Event "21st Mikhail Chigorin Memorial"]
[Site "Sochi URS"]
[Date "1987.??.??"]
[Round "?"]
[White "Lputian, Smbat"]
[Black "Psakhis, Lev"]
[WhiteElo "2540"]
[BlackElo "2575"]
[Result "1-0"]
[EventDate "1987.10.01"]
[PlyCount "85"]

1. d4 Nf6 2. c4 e6 3. Nf3 b6 4. a3 Ba6 5. Qc2 Bb7 6. Nc3 c5 7. e4 cxd4 8. Nxd4 Nc6 9. Nxc6 Bxc6 10. Bg5 Qb8 11. g3 Nxe4 12. Nxe4 f5 13. Bg2 Bxe4 14. Bxe4 Qe5 15. f3 fxe4 16. Bf4 Qa5+ 17. Bd2 Qf5 18. fxe4 Qc5 19. Qd3 Rc8 20. b3 Qh5 21. O-O Bc5+ 22. Kg2 Rf8 23. b4 Be7 24. Bf4 Rf7 25. Rf2 Qg6 26. Raf1 e5 27. Bxe5 Rxf2+ 28. Rxf2 Qe6 29. Qd5 Rxc4 30. Qa8+ Bd8 31. Bxg7 Qxe4+ 32. Qxe4+ Rxe4 33. Rf8+ Ke7 34. Rh8 Re2+ 35. Kh3 Ra2 36. b5 Bc7 37. Rxh7 Ke6 38. Bf8 Bd8 39. Rh6+ Kf7 40. Bb4 Bf6 41. Kg4 Re2 42. Kf3 Rc2 43. h4 1-0

[Event "21st Mikhail Chigorin Memorial"]
[Site "Sochi URS"]
[Date "1987.??.??"]
[Round "?"]
[White "Lputian, Smbat"]
[Black "Sveshnikov, Evgeny"]
[WhiteElo "2540"]
[BlackElo "2490"]
[Result "1/2-1/2"]
[EventDate "1987.10.01"]
[PlyCount "25"]

1. Nf3 c5 2. e4 Nc6 3. d4 cxd4 4. Nxd4 e5 5. Nb5 d6 6. N1c3 a6 7. Na3 b5 8. Nd5 Nge7 9. Bg5 h6 10. Qh5 Qa5+ 11. Bd2 Qd8 12. Bg5 Qa5+ 13. Bd2 1/2-1/2

[Event "21st Mikhail Chigorin Memorial"]
[Site "Sochi URS"]
[Date "1987.??.??"]
[Round "?"]
[White "Ortega, Lexy"]
[Black "Hodgson, Julian"]
[WhiteElo "2440"]
[BlackElo "2510"]
[Result "1-0"]
[EventDate "1987.10.01"]
[PlyCount "119"]

1. d4 Nf6 2. c4 c5 3. d5 b5 4. Nf3 g6 5. e3 bxc4 6. Nc3 Bg7 7. Bxc4 d6 8. e4 O-O 9. h3 Nbd7 10. O-O Rb8 11. Re1 Nb6 12. Bb3 Bb7 13. Bf4 Rc8 14. Qd2 Nh5 15. Bh6 c4 16. Bc2 e5 17. dxe6 Bxh6 18. Qxh6 fxe6 19. Ng5 Qe7 20. e5 d5 21. Bxg6 hxg6 22. Qxg6+ Qg7 23. Qxh5 Rf5 24. f4 d4 25. Nce4 Nd5 26. g4 Nxf4 27. Nf6+ Rxf6 28. exf6 Nxh5 29. fxg7 Nxg7 30. Nxe6 Nxe6 31. Rxe6 c3 32. bxc3 Rxc3 33. Re7 Rg3+ 34. Kf2 Rg2+ 35. Kf1 Rb2 36. Rd1 d3 37. Ke1 Kf8 38. Rxb7 Rxb7 39. Rxd3 Rb2 40. Rd2 Rb1+ 41. Kf2 Ra1 42. Kg3 a5 43. Kh4 a4 44. Kg5 a3 45. h4 Rb1 46. Rd3 Rb5+ 47. Kf4 Rb4+ 48. Kg3 Ra4 49. h5 Kf7 50. Rf3+ Kg7 51. Rf4 Ra5 52. Kh4 Ra6 53. Rb4 Ra7 54. Rb5 Kh7 55. Rc5 Kg7 56. Kg5 Kh7 57. h6 Rd7 58. Ra5 Rd3 59. Ra7+ Kh8 60. Kh5 1-0

[Event "21st Mikhail Chigorin Memorial"]
[Site "Sochi URS"]
[Date "1987.??.??"]
[Round "?"]
[White "Ortega, Lexy"]
[Black "Horvath, Jozsef"]
[WhiteElo "2440"]
[BlackElo "2465"]
[Result "0-1"]
[EventDate "1987.10.01"]
[PlyCount "114"]

1. d4 Nf6 2. c4 e6 3. Nf3 b6 4. Nc3 Bb7 5. Bg5 h6 6. Bh4 Be7 7. e3 c5 8. Be2 cxd4 9. Nxd4 O-O 10. O-O Nc6 11. Rc1 Ne5 12. Bg3 d6 13. Qa4 Qc8 14. Rfd1 a6 15. Qb3 Rb8 16. a3 Ba8 17. h3 Qb7 18. f3 Rfc8 19. Qa2 Rc7 20. b3 Qc8 21. Qb2 Rd7 22. Rc2 Qd8 23. Rcd2 Rc8 24. Qa1 Ng6 25. Qb1 Ne5 26. Qb2 Bb7 27. Qa1 Ng6 28. Qb1 Nf8 29. Qb2 Qe8 30. Na4 Bd8 31. Bf1 Ng6 32. Bf2 Bc7 33. b4 Rdd8 34. Nc3 Bb8 35. Nb3 Nd7 36. Rd4 Qe7 37. a4 Nde5 38. c5 dxc5 39. bxc5 Rxd4 40. exd4 Nxf3+ 41. gxf3 Qg5+ 42. Bg2 Bxf3 43. Be1 Nf4 44. Rd2 e5 45. h4 Qg4 46. d5 bxc5 47. Na5 e4 48. Nc4 Nd3 49. Ne3 Qf4 50. Rxd3 exd3 51. Bxf3 Qxf3 52. Qf2 Qh3 53. Nf5 Re8 54. Bd2 Re5 55. Ne3 c4 56. Ncd1 Ba7 57. d6 Re6 0-1

[Event "21st Mikhail Chigorin Memorial"]
[Site "Sochi URS"]
[Date "1987.??.??"]
[Round "?"]
[White "Ortega, Lexy"]
[Black "Pigusov, Evgeny"]
[WhiteElo "2440"]
[BlackElo "2520"]
[Result "1/2-1/2"]
[EventDate "1987.10.01"]
[PlyCount "35"]

1. d4 d5 2. c4 e6 3. Nc3 Nf6 4. Bg5 Be7 5. Nf3 h6 6. Bxf6 Bxf6 7. Rc1 O-O 8. e3 c6 9. Bd3 Nd7 10. O-O dxc4 11. Bxc4 e5 12. h3 exd4 13. exd4 Nb6 14. Bb3 Bf5 15. Qd2 Re8 16. Rfe1 Qd7 17. Qf4 a5 18. a3 1/2-1/2

[Event "21st Mikhail Chigorin Memorial"]
[Site "Sochi URS"]
[Date "1987.??.??"]
[Round "?"]
[White "Panchenko, Alexander"]
[Black "Andonov, Bogomil"]
[WhiteElo "2450"]
[BlackElo "2475"]
[Result "1/2-1/2"]
[EventDate "1987.10.01"]
[PlyCount "64"]

1. Nf3 d6 2. d4 Bg4 3. g3 Bxf3 4. exf3 e6 5. c4 c6 6. Nc3 d5 7. Qb3 Qb6 8. c5 Qc7 9. Bf4 Qc8 10. Bd3 Nd7 11. O-O Ngf6 12. Qc2 g6 13. b4 Bg7 14. Bd6 Kd8 15. b5 Ne8 16. bxc6 bxc6 17. Bf4 Bxd4 18. Rac1 Bg7 19. Qa4 a5 20. Qa3 e5 21. Bg5+ f6 22. Bd2 Nf8 23. Na4 Nc7 24. f4 e4 25. Be2 Nce6 26. Be3 Qc7 27. f3 exf3 28. Bxf3 Ke8 29. f5 gxf5 30. Qd3 Nd7 31. Nb6 Rd8 32. Nxd7 Rxd7 1/2-1/2

[Event "21st Mikhail Chigorin Memorial"]
[Site "Sochi URS"]
[Date "1987.??.??"]
[Round "?"]
[White "Panchenko, Alexander"]
[Black "Hodgson, Julian"]
[WhiteElo "2450"]
[BlackElo "2510"]
[Result "0-1"]
[EventDate "1987.10.01"]
[PlyCount "160"]

1. e4 c6 2. d4 d5 3. Nd2 dxe4 4. Nxe4 Nf6 5. Nxf6+ exf6 6. Bc4 Qe7+ 7. Qe2 Be6 8. Bxe6 Qxe6 9. Nh3 Na6 10. Nf4 Qxe2+ 11. Nxe2 Nb4 12. Kd2 c5 13. c3 Nc6 14. d5 O-O-O 15. c4 Ne5 16. b3 Bd6 17. Bb2 Rhe8 18. Rhf1 Bc7 19. h3 b5 20. f4 Ng6 21. g3 bxc4 22. bxc4 Re4 23. Rac1 Rde8 24. Rf2 h5 25. h4 Kd7 26. Ba3 Ba5+ 27. Kd1 Re3 28. Bxc5 Rd3+ 29. Kc2 Rd2+ 30. Kb3 Rb8+ 31. Ka3 Rbb2 32. Ka4 Bb6 33. Nc3 Rxf2 34. Bxf2 Bxf2 35. Ka3 Rd2 36. Ne4 Re2 37. Nxf2 Rxf2 38. Rb1 Kc7 39. Rb5 Ne7 40. Rc5+ Kd7 41. Rb5 Kc7 42. Rc5+ Kd6 43. Rb5 Rc2 44. Kb3 Rc1 45. Ra5 Rb1+ 46. Kc3 Rb7 47. Ra6+ Kd7 48. Kd3 Rc7 49. Ra5 Kd6 50. Ra6+ Kd7 51. Ra5 Kc8 52. Ra6 Kb7 53. Ra5 Rd7 54. Rb5+ Kc7 55. Ra5 Kb8 56. Rb5+ Rb7 57. d6 Nc6 58. Rxh5 Kc8 59. Rh7 Kd7 60. c5 Rb5 61. Kc4 Rb4+ 62. Kc3 Rb1 63. Rxg7 Rc1+ 64. Kb2 Rxc5 65. Rxf7+ Ke6 66. Rg7 Kxd6 67. g4 Rc4 68. f5 Ne5 69. g5 Rxh4 70. gxf6 Nd7 71. Re7 Rf4 72. Re6+ Kc7 73. Ra6 Kb7 74. Rd6 Kc7 75. Ra6 Kb8 76. Rd6 Ne5 77. f7 Nxf7 78. Rf6 Ne5 79. Kc3 Kc7 80. a3 Nd7 0-1

[Event "21st Mikhail Chigorin Memorial"]
[Site "Sochi URS"]
[Date "1987.??.??"]
[Round "?"]
[White "Panchenko, Alexander"]
[Black "Pigusov, Evgeny"]
[WhiteElo "2450"]
[BlackElo "2520"]
[Result "1/2-1/2"]
[EventDate "1987.10.01"]
[PlyCount "82"]

1. e4 c5 2. Nf3 d6 3. d4 cxd4 4. Nxd4 Nf6 5. Nc3 a6 6. a4 e5 7. Nf3 Qc7 8. Bg5 Nbd7 9. Nd2 h6 10. Be3 Be7 11. a5 b5 12. axb6 Nxb6 13. Bxb6 Qxb6 14. Nc4 Qc7 15. Ne3 Bb7 16. Ned5 Nxd5 17. Nxd5 Qc5 18. Ra4 Bd8 19. Be2 O-O 20. b4 Qc8 21. O-O Bxd5 22. Qxd5 Qxc2 23. Ra2 Qc8 24. Qxd6 Qb8 25. Rxa6 Bc7 26. Rxa8 Bxd6 27. Rxb8 Rxb8 28. b5 Bc5 29. Re1 Bd4 30. h4 Ra8 31. Bc4 Ra1 32. Rxa1 Bxa1 33. b6 Bd4 34. b7 Ba7 35. Kf1 Kf8 36. Ke2 Ke7 37. Bd5 f6 38. Kd3 Kd6 39. h5 Kc7 40. f3 Kd6 41. Kc4 Kc7 1/2-1/2

[Event "21st Mikhail Chigorin Memorial"]
[Site "Sochi URS"]
[Date "1987.??.??"]
[Round "?"]
[White "Panchenko, Alexander"]
[Black "Smagin, Sergey"]
[WhiteElo "2450"]
[BlackElo "2555"]
[Result "1/2-1/2"]
[EventDate "1987.10.01"]
[PlyCount "25"]

1. g3 d5 2. Bg2 e5 3. d3 Nf6 4. Nf3 Bd6 5. O-O O-O 6. Nc3 c6 7. e4 dxe4 8. dxe4 Re8 9. Nh4 Bg4 10. Bf3 Bh3 11. Bg2 Bg4 12. Bf3 Bh3 13. Bg2 1/2-1/2

[Event "21st Mikhail Chigorin Memorial"]
[Site "Sochi URS"]
[Date "1987.??.??"]
[Round "?"]
[White "Panchenko, Alexander"]
[Black "Tukmakov, Vladimir"]
[WhiteElo "2450"]
[BlackElo "2580"]
[Result "1-0"]
[EventDate "1987.10.01"]
[PlyCount "63"]

1. e4 c6 2. d4 d5 3. Nd2 dxe4 4. Nxe4 Nd7 5. Ne2 g6 6. c4 Bg7 7. N2c3 Nh6 8. d5 O-O 9. Be2 Nf5 10. O-O cxd5 11. cxd5 Nb6 12. Re1 Nd4 13. Be3 e5 14. dxe6 Bxe6 15. Bg5 Nxe2+ 16. Qxe2 Qc7 17. Rac1 Qc6 18. b3 Bf5 19. f3 Rae8 20. Nb5 Qd7 21. Red1 Rxe4 22. fxe4 Bg4 23. Rxd7 Bxe2 24. Rxb7 Bxb5 25. Rxa7 Re8 26. Be3 Nc8 27. Ra8 Nd6 28. Rxe8+ Bxe8 29. a4 Nxe4 30. Rc8 Kf8 31. a5 Ke7 32. a6 1-0

[Event "21st Mikhail Chigorin Memorial"]
[Site "Sochi URS"]
[Date "1987.??.??"]
[Round "?"]
[White "Pigusov, Evgeny"]
[Black "Bareev, Evgeny"]
[WhiteElo "2520"]
[BlackElo "2555"]
[Result "1/2-1/2"]
[EventDate "1987.10.01"]
[PlyCount "39"]

1. c4 Nf6 2. Nf3 c6 3. g3 d5 4. Bg2 g6 5. O-O Bg7 6. cxd5 cxd5 7. d4 Nc6 8. Ne5 O-O 9. Nc3 e6 10. Bf4 Bd7 11. Qd2 Be8 12. Rfd1 Nh5 13. Bh6 f5 14. Bxg7 Kxg7 15. Rac1 Nf6 16. Qe3 Rc8 17. a3 Qd6 18. Rc2 Qb8 19. Nd3 Bf7 20. h3 1/2-1/2

[Event "21st Mikhail Chigorin Memorial"]
[Site "Sochi URS"]
[Date "1987.??.??"]
[Round "?"]
[White "Pigusov, Evgeny"]
[Black "Hodgson, Julian"]
[WhiteElo "2520"]
[BlackElo "2510"]
[Result "1-0"]
[EventDate "1987.10.01"]
[PlyCount "93"]

1. Nf3 Nf6 2. c4 e6 3. g3 a6 4. Bg2 b5 5. b3 Bb7 6. Nc3 Bb4 7. Bb2 O-O 8. O-O d6 9. Qc2 Nbd7 10. cxb5 Bxc3 11. Qxc3 axb5 12. Rfc1 c5 13. d4 Qb6 14. dxc5 Nxc5 15. Qe3 e5 16. Nxe5 Bxg2 17. Kxg2 Rfe8 18. b4 Na4 19. Qxb6 Nxb6 20. Nc6 Nfd5 21. e3 Nc4 22. Bd4 Ra4 23. Na7 Na3 24. Nc6 f6 25. Bc3 Rc8 26. Be1 Nc4 27. Nd4 Nxb4 28. Nxb5 Nc2 29. Rxc2 Nxe3+ 30. fxe3 Rxc2+ 31. Kg1 Raxa2 32. Rxa2 Rxa2 33. Nxd6 Re2 34. Bf2 Rd2 35. Ne4 Rd1+ 36. Kg2 Kf7 37. Kf3 Rh1 38. Kg2 Rd1 39. g4 Kg6 40. Ng3 Kf7 41. Kf3 Ra1 42. Nf5 g6 43. Nd6+ Ke6 44. Ne4 h6 45. Ng3 Rb1 46. h4 Kf7 47. h5 1-0

[Event "21st Mikhail Chigorin Memorial"]
[Site "Sochi URS"]
[Date "1987.??.??"]
[Round "?"]
[White "Pigusov, Evgeny"]
[Black "Lputian, Smbat"]
[WhiteElo "2520"]
[BlackElo "2540"]
[Result "1-0"]
[EventDate "1987.10.01"]
[PlyCount "67"]

1. Nf3 Nf6 2. g3 g6 3. c4 Bg7 4. Bg2 O-O 5. O-O e6 6. d4 d5 7. Nc3 Ne4 8. Bf4 Nc6 9. Rc1 a6 10. a3 Re8 11. b4 a5 12. Nb5 Nd6 13. Nxd6 cxd6 14. cxd5 exd5 15. b5 Ne7 16. a4 h6 17. Rc3 Bg4 18. Bd2 Nc8 19. e3 Nb6 20. h3 Bf5 21. Qb3 Qd7 22. Rfc1 Nc4 23. Kh2 Bf6 24. Be1 h5 25. Nd2 Be6 26. Qa2 Rec8 27. Nxc4 dxc4 28. d5 Bf5 29. e4 Bxc3 30. Bxc3 Rc7 31. Qd2 f6 32. Qf4 Qf7 33. exf5 gxf5 34. Qxf5 1-0

[Event "21st Mikhail Chigorin Memorial"]
[Site "Sochi URS"]
[Date "1987.??.??"]
[Round "?"]
[White "Pigusov, Evgeny"]
[Black "Razuvaev, Yuri"]
[WhiteElo "2520"]
[BlackElo "2490"]
[Result "1/2-1/2"]
[EventDate "1987.10.01"]
[PlyCount "27"]

1. Nf3 Nf6 2. g3 b5 3. Bg2 Bb7 4. d4 e6 5. Bg5 Be7 6. O-O Na6 7. c3 c5 8. Nbd2 O-O 9. a3 d6 10. Qb1 Rb8 11. b4 Nc7 12. e4 cxd4 13. cxd4 Na8 14. Qd3 1/2-1/2

[Event "21st Mikhail Chigorin Memorial"]
[Site "Sochi URS"]
[Date "1987.??.??"]
[Round "?"]
[White "Pigusov, Evgeny"]
[Black "Smagin, Sergey"]
[WhiteElo "2520"]
[BlackElo "2555"]
[Result "1/2-1/2"]
[EventDate "1987.10.01"]
[PlyCount "21"]

1. Nf3 Nf6 2. g3 d5 3. Bg2 e6 4. O-O c5 5. d4 Nc6 6. c4 dxc4 7. dxc5 Bxc5 8. Qxd8+ Nxd8 9. Nbd2 c3 10. bxc3 b6 11. Nb3 1/2-1/2

[Event "21st Mikhail Chigorin Memorial"]
[Site "Sochi URS"]
[Date "1987.??.??"]
[Round "?"]
[White "Pigusov, Evgeny"]
[Black "Tukmakov, Vladimir"]
[WhiteElo "2520"]
[BlackElo "2580"]
[Result "1-0"]
[EventDate "1987.10.01"]
[PlyCount "82"]

1. c4 Nf6 2. Nf3 c6 3. g3 d5 4. Bg2 dxc4 5. Na3 Be6 6. Ng5 Bd5 7. e4 h6 8. exd5 hxg5 9. dxc6 Nxc6 10. Nxc4 e6 11. O-O Rc8 12. d3 Nd5 13. d4 Be7 14. Ne3 O-O 15. Nxd5 exd5 16. Be3 Bf6 17. Bh3 Rb8 18. Qd2 Re8 19. Rac1 Qe7 20. Rfd1 Rbd8 21. Rc5 Rd6 22. b4 a6 23. a3 b6 24. Rc3 Nd8 25. Rdc1 Ne6 26. Rc6 Rxc6 27. Rxc6 Qb7 28. Rc1 Rc8 29. Rxc8+ Qxc8 30. Bxe6 Qxe6 31. Bxg5 Bxg5 32. Qxg5 Qe1+ 33. Kg2 Qe4+ 34. Kh3 Qxd4 35. Qd8+ Kh7 36. Qh4+ Qxh4+ 37. Kxh4 f5 38. Kg5 d4 39. Kf4 Kg6 40. Kf3 Kf6 41. Ke2 f4 1-0

[Event "21st Mikhail Chigorin Memorial"]
[Site "Sochi URS"]
[Date "1987.??.??"]
[Round "?"]
[White "Psakhis, Lev"]
[Black "Hodgson, Julian"]
[WhiteElo "2575"]
[BlackElo "2510"]
[Result "1-0"]
[EventDate "1987.10.01"]
[PlyCount "53"]

1. e4 c5 2. Nf3 e6 3. d4 cxd4 4. Nxd4 Nf6 5. Nc3 d6 6. Be2 Be7 7. O-O a6 8. f4 Nbd7 9. Bf3 Qc7 10. a4 O-O 11. g4 Rd8 12. g5 Ne8 13. Kh1 Bf8 14. Bg2 g6 15. Qe1 b6 16. f5 Ne5 17. f6 Bb7 18. Qh4 Rac8 19. Nce2 d5 20. Bf4 Bd6 21. exd5 Bf8 22. dxe6 Bxg2+ 23. Kxg2 Qb7+ 24. Kh3 Qe4 25. Bxe5 Qxe5 26. exf7+ Kh8 27. Nf4 1-0

[Event "21st Mikhail Chigorin Memorial"]
[Site "Sochi URS"]
[Date "1987.??.??"]
[Round "?"]
[White "Psakhis, Lev"]
[Black "Horvath, Jozsef"]
[WhiteElo "2575"]
[BlackElo "2465"]
[Result "1/2-1/2"]
[EventDate "1987.10.01"]
[PlyCount "43"]

1. e4 c5 2. Nf3 e6 3. d3 Nc6 4. g3 d5 5. Nbd2 Bd6 6. Bg2 Nge7 7. O-O O-O 8. Nh4 Bd7 9. f4 f6 10. Kh1 Qc7 11. Ndf3 b5 12. Be3 d4 13. Bd2 e5 14. f5 c4 15. g4 h6 16. Rg1 Nd8 17. Bf1 Nf7 18. Rg3 a5 19. Be2 Ng5 20. Nxg5 hxg5 21. Nf3 Kf7 22. Be1 1/2-1/2

[Event "21st Mikhail Chigorin Memorial"]
[Site "Sochi URS"]
[Date "1987.??.??"]
[Round "?"]
[White "Psakhis, Lev"]
[Black "Panchenko, Alexander"]
[WhiteElo "2575"]
[BlackElo "2450"]
[Result "1/2-1/2"]
[EventDate "1987.10.01"]
[PlyCount "38"]

1. d4 Nf6 2. c4 e6 3. Nc3 Bb4 4. e3 b6 5. Nge2 Ba6 6. Ng3 O-O 7. e4 d5 8. cxd5 Bxf1 9. Kxf1 Bxc3 10. bxc3 exd5 11. e5 Ne4 12. Qg4 Qd7 13. Nf5 g6 14. Nh6+ Kg7 15. Qh4 Qd8 16. Qh3 f5 17. exf6+ Nxf6 18. Bg5 Qd7 19. Bxf6+ Rxf6 1/2-1/2

[Event "21st Mikhail Chigorin Memorial"]
[Site "Sochi URS"]
[Date "1987.??.??"]
[Round "?"]
[White "Psakhis, Lev"]
[Black "Pigusov, Evgeny"]
[WhiteElo "2575"]
[BlackElo "2520"]
[Result "1/2-1/2"]
[EventDate "1987.10.01"]
[PlyCount "41"]

1. e4 c5 2. Nf3 d6 3. d4 cxd4 4. Nxd4 Nf6 5. Nc3 a6 6. g3 e5 7. Nb3 Be7 8. Bg2 O-O 9. O-O Nbd7 10. a4 b6 11. Re1 Bb7 12. Nd2 Rc8 13. Nf1 Re8 14. Ne3 g6 15. Ned5 Nxd5 16. Nxd5 Bxd5 17. Qxd5 Rxc2 18. Qd3 Qc8 19. Bf1 a5 20. Bh3 Rd8 21. Be3 1/2-1/2

[Event "21st Mikhail Chigorin Memorial"]
[Site "Sochi URS"]
[Date "1987.??.??"]
[Round "?"]
[White "Razuvaev, Yuri"]
[Black "Ortega, Lexy"]
[WhiteElo "2490"]
[BlackElo "2440"]
[Result "1-0"]
[EventDate "1987.10.01"]
[PlyCount "83"]

1. d4 e6 2. c4 f5 3. Nf3 Nf6 4. g3 d5 5. Bg2 c6 6. O-O Bd6 7. b3 Qe7 8. a4 O-O 9. Ba3 Bxa3 10. Nxa3 Nbd7 11. Qc1 Ne4 12. e3 Kh8 13. Ne1 b6 14. Nd3 Ba6 15. Qb2 Rfc8 16. Rfd1 Rc7 17. Rac1 Rac8 18. f3 Nd6 19. c5 Nf7 20. b4 Bxd3 21. Rxd3 bxc5 22. bxc5 e5 23. Rb3 f4 24. gxf4 exf4 25. e4 dxe4 26. fxe4 Ng5 27. e5 Rf8 28. Rf1 f3 29. Bxf3 Nxe5 30. dxe5 Qxc5+ 31. Kg2 Rcf7 32. Nb1 Qc4 33. Nd2 Qxa4 34. Rb4 Qa5 35. Rb8 Ne6 36. Rxf8+ Rxf8 37. Bxc6 Rd8 38. Nc4 Qc5 39. Qb5 Qe7 40. Nd6 Rf8 41. Rxf8+ Qxf8 42. Qc4 1-0

[Event "21st Mikhail Chigorin Memorial"]
[Site "Sochi URS"]
[Date "1987.??.??"]
[Round "?"]
[White "Razuvaev, Yuri"]
[Black "Smagin, Sergey"]
[WhiteElo "2490"]
[BlackElo "2555"]
[Result "1/2-1/2"]
[EventDate "1987.10.01"]
[PlyCount "33"]

1. d4 Nf6 2. c4 e6 3. g3 d5 4. Bg2 dxc4 5. Nf3 c5 6. O-O Nc6 7. dxc5 Bxc5 8. Qxd8+ Nxd8 9. Ne5 Nd5 10. Nxc4 Bd7 11. Nbd2 Bb5 12. Ne4 Bxc4 13. Nxc5 O-O 14. Bf3 Rc8 15. Ne4 Ba6 16. Rd1 Nc6 17. Bf4 1/2-1/2

[Event "21st Mikhail Chigorin Memorial"]
[Site "Sochi URS"]
[Date "1987.??.??"]
[Round "?"]
[White "Razuvaev, Yuri"]
[Black "Sveshnikov, Evgeny"]
[WhiteElo "2490"]
[BlackElo "2490"]
[Result "1/2-1/2"]
[EventDate "1987.10.01"]
[PlyCount "34"]

1. d4 d5 2. c4 e6 3. Nf3 Nf6 4. Nc3 c6 5. Bg5 h6 6. Bxf6 Qxf6 7. e3 Bd6 8. Bd3 Qe7 9. O-O Nd7 10. e4 dxc4 11. Bxc4 e5 12. d5 Nb6 13. Bb3 Bg4 14. h3 Bxf3 15. Qxf3 cxd5 16. Nxd5 Nxd5 17. Bxd5 O-O 1/2-1/2

[Event "21st Mikhail Chigorin Memorial"]
[Site "Sochi URS"]
[Date "1987.??.??"]
[Round "?"]
[White "Smagin, Sergey"]
[Black "Horvath, Jozsef"]
[WhiteElo "2555"]
[BlackElo "2465"]
[Result "1-0"]
[EventDate "1987.10.01"]
[PlyCount "69"]

1. e4 c5 2. Nf3 Nc6 3. c3 d5 4. exd5 Qxd5 5. d4 Nf6 6. Be2 e6 7. O-O cxd4 8. Nxd4 Nxd4 9. cxd4 Be7 10. Nc3 Qd6 11. Qb3 O-O 12. Rd1 Nd5 13. Bf3 Rd8 14. g3 Nxc3 15. Bf4 Qd7 16. Qxc3 Qb5 17. Bc7 Re8 18. a4 Qf5 19. Qd3 Qxd3 20. Rxd3 a5 21. Rc3 Bb4 22. Rc2 Ra6 23. b3 Bd7 24. Bxb7 Ra7 25. Be4 Rc8 26. Rac1 f5 27. Bf3 Kf7 28. Rc4 Ke7 29. Bb6 Rxc4 30. bxc4 Ra6 31. c5 Bxa4 32. Bb7 Rxb6 33. cxb6 Bb3 34. Bf3 a4 35. b7 1-0

[Event "21st Mikhail Chigorin Memorial"]
[Site "Sochi URS"]
[Date "1987.??.??"]
[Round "?"]
[White "Smagin, Sergey"]
[Black "Lalic, Bogdan"]
[WhiteElo "2555"]
[BlackElo "2485"]
[Result "1-0"]
[EventDate "1987.10.01"]
[PlyCount "91"]

1. e4 e6 2. d4 d5 3. Nd2 c5 4. Ngf3 Nc6 5. exd5 exd5 6. Bb5 Bd6 7. dxc5 Bxc5 8. O-O Nge7 9. Nb3 Bb6 10. Re1 O-O 11. Bd3 h6 12. h3 Nf5 13. c3 Bc7 14. Bc2 Qd6 15. Qd3 g6 16. Qd2 h5 17. Bxf5 Bxf5 18. Qh6 Rfe8 19. Be3 Qf8 20. Qxf8+ Kxf8 21. Rad1 Rad8 22. Rxd5 Rxd5 23. Bh6+ Kg8 24. Rxe8+ Kh7 25. Bd2 Bb1 26. c4 Rf5 27. Bc3 g5 28. Nbd2 Bxa2 29. Ne4 Bd8 30. Nd6 Rf4 31. Bd2 Rxf3 32. gxf3 Be7 33. Nxb7 Bf6 34. Bc3 Bxc3 35. bxc3 Bxc4 36. Nd8 Bb5 37. Nxc6 Bxc6 38. Re7 Kg6 39. Rxa7 Bxf3 40. c4 Kf6 41. Ra3 Bb7 42. Re3 h4 43. c5 Bd5 44. Kh2 Kf5 45. Re8 Bb7 46. Rg8 1-0

[Event "21st Mikhail Chigorin Memorial"]
[Site "Sochi URS"]
[Date "1987.??.??"]
[Round "?"]
[White "Smagin, Sergey"]
[Black "Lputian, Smbat"]
[WhiteElo "2555"]
[BlackElo "2540"]
[Result "1/2-1/2"]
[EventDate "1987.10.01"]
[PlyCount "26"]

1. e4 e6 2. d4 d5 3. Nd2 c5 4. Ngf3 Nc6 5. exd5 exd5 6. Bb5 Bd6 7. dxc5 Bxc5 8. O-O Nge7 9. Nb3 Bd6 10. Bg5 O-O 11. Bh4 Bg4 12. Be2 Re8 13. Re1 Qb6 1/2-1/2

[Event "21st Mikhail Chigorin Memorial"]
[Site "Sochi URS"]
[Date "1987.??.??"]
[Round "?"]
[White "Smagin, Sergey"]
[Black "Ortega, Lexy"]
[WhiteElo "2555"]
[BlackElo "2440"]
[Result "1-0"]
[EventDate "1987.10.01"]
[PlyCount "75"]

1. e4 e6 2. d4 d5 3. Nd2 Nf6 4. e5 Nfd7 5. f4 c5 6. c3 Nc6 7. Ndf3 Qb6 8. g3 cxd4 9. cxd4 Be7 10. Bh3 f6 11. Kf1 fxe5 12. fxe5 O-O 13. Kg2 Kh8 14. Bg4 Rf7 15. Ne2 Nf8 16. Rf1 Bd7 17. Bh5 Rf5 18. Nf4 a5 19. Rf2 a4 20. h4 Rc8 21. Bg4 Rf7 22. Be3 Na5 23. b3 Kg8 24. Rc2 Nc6 25. Rb1 axb3 26. Rxb3 Qa7 27. Qb1 Na5 28. Rxc8 Bxc8 29. Nxd5 Nxb3 30. Qxb3 Qa3 31. Nb6 Qa6 32. Nxc8 Qe2+ 33. Bf2 Bxh4 34. Qe3 Qc2 35. Nd6 Rc7 36. gxh4 Rc3 37. Qf4 Qg6 38. h5 1-0

[Event "21st Mikhail Chigorin Memorial"]
[Site "Sochi URS"]
[Date "1987.??.??"]
[Round "?"]
[White "Smagin, Sergey"]
[Black "Tukmakov, Vladimir"]
[WhiteElo "2555"]
[BlackElo "2580"]
[Result "1/2-1/2"]
[EventDate "1987.10.01"]
[PlyCount "27"]

1. e4 c6 2. d4 d5 3. Nc3 dxe4 4. Nxe4 Nd7 5. Nf3 Ngf6 6. Nxf6+ Nxf6 7. Ne5 Nd7 8. Nxd7 Bxd7 9. c3 Bf5 10. Bd3 Bxd3 11. Qxd3 e6 12. Bf4 Bd6 13. Bxd6 Qxd6 14. O-O 1/2-1/2

[Event "21st Mikhail Chigorin Memorial"]
[Site "Sochi URS"]
[Date "1987.??.??"]
[Round "?"]
[White "Sveshnikov, Evgeny"]
[Black "Horvath, Jozsef"]
[WhiteElo "2490"]
[BlackElo "2465"]
[Result "1/2-1/2"]
[EventDate "1987.10.01"]
[PlyCount "36"]

1. e4 c5 2. c3 d5 3. exd5 Qxd5 4. d4 Nf6 5. Nf3 Nc6 6. Be2 cxd4 7. cxd4 e6 8. O-O Be7 9. Nc3 Qd6 10. Nb5 Qd8 11. Bf4 Nd5 12. Bg3 a6 13. Nc3 O-O 14. Rc1 Nf6 15. a3 b6 16. Qb3 Bb7 17. Rfd1 b5 18. Qa2 Qb6 1/2-1/2